| 000 | 00849cam a2200301 4500 | ||
|---|---|---|---|
| 008 | 090401t1992 xxu||||| |||| 00| 0 eng d | ||
| 020 | _a0851217273 | ||
| 035 | _a(Sirsi) u37806 | ||
| 041 | _aeng | ||
| 050 | _a692.8 | ||
| 100 | _aMurdoch, John | ||
| 245 | _aBuilding contract law. | ||
| 260 |
_aLondon _bLongman _c1992 |
||
| 300 | _axxiii,257p. ; 22cm. | ||
| 350 | _a35 | ||
| 490 | _aLongman Practitioner Series | ||
| 520 | _aLooks at the different forms of contract, contract terms and obligations, subcontracts and construction disputes. | ||
| 650 | _aBUILT ENVIRONMENT-BUILDING CONTRACT FORMS | ||
| 650 | _aDISPUTES | ||
| 650 |
_aInsurance _96249 |
||
| 650 | _aLIABILITY | ||
| 650 | _aSUBCONTRACTS | ||
| 650 | _aVARIATIONS | ||
| 690 | _aBUILT ENVIRONMENT | ||
| 700 | _aHughes, Will | ||
| 942 | _n0 | ||
| 948 | _c04/03/1997 | ||
| 999 |
_c90554 _d90554 |
||